|
|
|
|
| LEADER |
04967nam a2200625 4500 |
| 001 |
978-3-540-30233-9 |
| 003 |
DE-He213 |
| 005 |
20191026143334.0 |
| 007 |
cr nn 008mamaa |
| 008 |
121227s2004 gw | s |||| 0|eng d |
| 020 |
|
|
|a 9783540302339
|9 978-3-540-30233-9
|
| 024 |
7 |
|
|a 10.1007/b100825
|2 doi
|
| 040 |
|
|
|d GrThAP
|
| 050 |
|
4 |
|a QA76.758
|
| 072 |
|
7 |
|a UMZ
|2 bicssc
|
| 072 |
|
7 |
|a COM051230
|2 bisacsh
|
| 072 |
|
7 |
|a UMZ
|2 thema
|
| 072 |
|
7 |
|a UL
|2 thema
|
| 082 |
0 |
4 |
|a 005.1
|2 23
|
| 245 |
1 |
0 |
|a Applying Formal Methods: Testing, Performance, and M/E-Commerce
|h [electronic resource] :
|b FORTE 2004 Workshops The FormEMC, EPEW, ITM, Toledo, Spain, October 1-2, 2004 /
|c edited by Manuel Núnez, Zakaaria Maamar, Fernando Pelayo, Key Pousttchi, Fernando Rubio.
|
| 250 |
|
|
|a 1st ed. 2004.
|
| 264 |
|
1 |
|a Berlin, Heidelberg :
|b Springer Berlin Heidelberg :
|b Imprint: Springer,
|c 2004.
|
| 300 |
|
|
|a XI, 379 p.
|b online resource.
|
| 336 |
|
|
|a text
|b txt
|2 rdacontent
|
| 337 |
|
|
|a computer
|b c
|2 rdamedia
|
| 338 |
|
|
|a online resource
|b cr
|2 rdacarrier
|
| 347 |
|
|
|a text file
|b PDF
|2 rda
|
| 490 |
1 |
|
|a Lecture Notes in Computer Science,
|x 0302-9743 ;
|v 3236
|
| 505 |
0 |
|
|a TheFormEMC -- Formal Analysis of the Internet Open Trading Protocol -- Life-Cycle E-commerce Testing with OO-TTCN-3 -- Specification of Autonomous Agents in E-commerce Systems -- An Approach for Assessment of Electronic Offers -- A Decomposition Based Approach for Design of Supply Aggregation and Demand Aggregation Exchanges -- A Construction Kit for Modeling the Security of M-commerce Applications -- A Minimal Market Model in Ephemeral Markets -- A Process-Oriented Approach Towards Structured Market Modelling -- EPEW -- Formal Specification of Symbolic-Probabilistic Systems -- How Synchronisation Strategy Approximation in PEPA Implementations Affects Passage Time Performance Results -- A Bounded True Concurrency Process Algebra for Performance Evaluation -- Branching Time Equivalences for Interactive Markov Chains -- System Contents Versus System Delay for Discrete-Time Queueing Systems with Renewal Arrivals -- Delay Analysis for a Discrete-Time GI-D-c Queue with Arbitrary-Length Service Times -- Adaptive Fuzzy Queue Management and Congestion Avoidance in TCP/AQM Networks -- Modeling and Analysis of Dual Block Multithreading -- Performance Evaluation of a SNAP-Based Grid Resource Broker -- Describing IEEE 802.11 Wireless Mechanisms by Using the ?-Calculus and Performance Evaluation Process Algebra -- An Analytical Design of a Practical Replication Protocol for Distributed Systems -- PEPA Nets in Practice: Modelling a Decentralised Peer-to-Peer Emergency Medical Application -- Integrating System Performance Engineering into MASCOT Methodology through Discrete-Event Simulation -- ITM -- Symbolic Performance and Dependability Evaluation with the Tool CASPA -- Modeling and Testing Agent Systems Based on Statecharts -- Testing of Autonomous Agents Described as Utility State Machines -- Generation of Integration Tests for Self-Testing Components -- Model-Checking Plus Testing: From Software Architecture Analysis to Code Testing -- A Meta-model for TTCN-3.
|
| 650 |
|
0 |
|a Software engineering.
|
| 650 |
|
0 |
|a Computer communication systems.
|
| 650 |
|
0 |
|a Computer logic.
|
| 650 |
|
0 |
|a Computer system failures.
|
| 650 |
|
0 |
|a Computers and civilization.
|
| 650 |
1 |
4 |
|a Software Engineering/Programming and Operating Systems.
|0 http://scigraph.springernature.com/things/product-market-codes/I14002
|
| 650 |
2 |
4 |
|a Software Engineering.
|0 http://scigraph.springernature.com/things/product-market-codes/I14029
|
| 650 |
2 |
4 |
|a Computer Communication Networks.
|0 http://scigraph.springernature.com/things/product-market-codes/I13022
|
| 650 |
2 |
4 |
|a Logics and Meanings of Programs.
|0 http://scigraph.springernature.com/things/product-market-codes/I1603X
|
| 650 |
2 |
4 |
|a System Performance and Evaluation.
|0 http://scigraph.springernature.com/things/product-market-codes/I13049
|
| 650 |
2 |
4 |
|a Computers and Society.
|0 http://scigraph.springernature.com/things/product-market-codes/I24040
|
| 700 |
1 |
|
|a Núnez, Manuel.
|e editor.
|4 edt
|4 http://id.loc.gov/vocabulary/relators/edt
|
| 700 |
1 |
|
|a Maamar, Zakaaria.
|e editor.
|4 edt
|4 http://id.loc.gov/vocabulary/relators/edt
|
| 700 |
1 |
|
|a Pelayo, Fernando.
|e editor.
|4 edt
|4 http://id.loc.gov/vocabulary/relators/edt
|
| 700 |
1 |
|
|a Pousttchi, Key.
|e editor.
|4 edt
|4 http://id.loc.gov/vocabulary/relators/edt
|
| 700 |
1 |
|
|a Rubio, Fernando.
|e editor.
|4 edt
|4 http://id.loc.gov/vocabulary/relators/edt
|
| 710 |
2 |
|
|a SpringerLink (Online service)
|
| 773 |
0 |
|
|t Springer eBooks
|
| 776 |
0 |
8 |
|i Printed edition:
|z 9783662164709
|
| 776 |
0 |
8 |
|i Printed edition:
|z 9783540231691
|
| 830 |
|
0 |
|a Lecture Notes in Computer Science,
|x 0302-9743 ;
|v 3236
|
| 856 |
4 |
0 |
|u https://doi.org/10.1007/b100825
|z Full Text via HEAL-Link
|
| 912 |
|
|
|a ZDB-2-SCS
|
| 912 |
|
|
|a ZDB-2-LNC
|
| 912 |
|
|
|a ZDB-2-BAE
|
| 950 |
|
|
|a Computer Science (Springer-11645)
|